| 000 | 01054nam0a22003131 4500 | ||
|---|---|---|---|
| 001 | RU\INFOCOMM_322\NLR\5000228948 | ||
| 005 | 20250613112215.0 | ||
| 035 | _a(NLR Aleph) 009606418 | ||
| 090 |
_a9343771 _c9343771 |
||
| 100 | _a20130313d1976 |||y0rusy50 ca | ||
| 101 | 0 | _aeng | |
| 102 | _aRU | ||
| 105 | _ay z ||||| | ||
| 200 | 1 |
_aOn the proton-antiproton charge parity _fE. Okonov, M. Shirokov |
|
| 210 |
_aДубна _d1976 |
||
| 215 |
_a4 с. _d22 см |
||
| 225 | 1 |
_a[Издания] _fОбъедин. ин-т ядерных исследований _vЕ 2-10276 |
|
| 300 | _aРез. на рус. яз. | ||
| 320 | _aБиблиогр.: с. 4 | ||
| 606 | 0 |
_aПротон _xАнтипротонные пары _xЧетность _2nlr_sh1 |
|
| 686 |
_aВ382.3 _2rubbk |
||
| 700 | 1 |
_aOkonov _bE. O. _gÉdgar Oskarovič |
|
| 701 | 1 |
_9z01790 _aŜirokov _bM. I. _gMichail Ivanovič |
|
| 790 | 1 |
_9z01701 _aShirokov _bM. _4070 |
|
| 801 | 1 |
_aRU _bInfocomm _c20130313 |
|
| 801 | 0 |
_aRU _bINFOCOMM _gPSBO |
|
| 852 |
_aNLR _jП11/2061 |
||
| 942 | _cBOOK | ||
| 980 | _aNB | ||